000 00533nam a2200169 i 4500
001 85859
003 ES-MaACL
005 20230906175325.0
007 t|
008 041202s1958 sp ||||1| spa d
100 1 _aKeeler, Harry Stephen.
_967708
245 1 3 _aEl matemático asesinado /
_cpor Harry Stephen Keeler ; traducción de Fernando Noriega Olea.
260 _aMadrid :
_bInstituto Editorial Reus,
_c1958.
300 _a338 p. ;
_c19 cm.
700 1 _aNoriega Olea, Fernando.
_985986
852 _aES-MaACL
_jC-14449
_bR.41757
999 _c85859
_d85859